000 01358cad a22002535a 4500
001 E149954
008 100519s2010 xxk f l s000 0 eng d
035 _a(Sirsi) u149954
041 0 _aeng
050 0 4 _a347.4209 $2 18
110 2 _aScotland
_kLaws, etc
245 0 4 _aThe Arbitration (Scotland) Act 2010 (Commencement No. 1 and Transitional Provisions) Order 2010
_h[electronic resource]
260 _aLondon
_bOPSI
_c2010
490 0 _aScottish Statutory Instrument
_v2010: 195
520 _aSets out that most of the provisions of the Act not already in force come into force on 7 June 2010. Those provisions of the Act do not come into force for the purposes of statutory arbitration, except for section 17 (power to adapt enactments providing for statutory arbitration) which comes into force for all purposes. Also outlines transitional provisions.
521 _aAdvanced
590 _aKA
650 2 4 _aARBITRATION (SCOTLAND) ACT 2010 (COMMENCEMENT NO. 1 AND TRANSITIONAL PROVISIONS) ORDER 2010
650 2 4 _aARBITRATION (SCOTLAND) ACT 2010
651 4 _aScotland
_y1999-
690 _aMANAGEMENT-DISPUTE AVOIDANCE, MANAGEMENT AND RESOLUTION-DISPUTE MANAGEMENT AND RESOLUTION-ARBITRATION
856 4 0 _uhttps://www.opsi.gov.uk/legislation/scotland/ssi2010/ssi_20100195_en_1
_zView the SI free of charge at www.opsi.gov.uk...
942 _n0
999 _c110686
_d110686